Sports Quiz

Random Sports Quiz

New England Patriots Starting Line-up Quiz Stats

 Plays Quiz not verified by Sporcle

Score 0/11 Timer 05:00
0 Plays Today
2011 % Correct
QuarterbackTom Brady
100%
Wide ReceiverWes Welker
75.9%
Tight EndRob Gronkowski
73.6%
Running BackBenjarvus Green Ellis
54%
Wide ReceiverDeion Branch
52.9%
Left TackleMatt Light
52.9%
Left GuardLogan Mankins
51.7%
Right TackleNate Solder
33.3%
CenterDan Connolly
24.1%
Full BackKevin Faulk
23%
Right GuardBrian Waters
23%

You're not logged in!

Compare scores with friends on all Sporcle quizzes.
Join for Free
OR
Log In

You Might Also Like...

Show Comments

Extras

Top Quizzes Today


Score Distribution

Your Account Isn't Verified!

In order to create a playlist on Sporcle, you need to verify the email address you used during registration. Go to your Sporcle Settings to finish the process.

Report this User

Report this user for behavior that violates our Community Guidelines.

Details: